000 00464nam a2200181Ia 4500
001 8776
005 20260306160634.0
008 260306t2011||||xx |||||||||||||| ||spa||
041 _aESP
082 _a371.33
_bS45
100 _aSevillano García, María Luisa
_eAUT
245 0 _aMedios, recursos didácticos y tecnología educativa
260 _c2011
300 _axix, 320 páginas :
_c24 cm.
650 _aGEN
654 _aCED
942 _cLIB
_dJUS
_fJUS
_2ddc
_n
999 _c8776
_d8776